| 000 | 00743nam a22002417a 4500 | ||
|---|---|---|---|
| 005 | 20170124110126.0 | ||
| 010 | _aA-779632 | ||
| 020 | _c00.00 | ||
| 035 | _aA-779632 | ||
| 037 | _aCen Lib/Ret | ||
| 040 |
_aDPL _bEN |
||
| 082 |
_aN _bRAH |
||
| 100 |
_aRahi Masoom Reza _9102096 |
||
| 245 |
_aThe feuding familities of village gangauli / _cby Rahi Masoom Reza; translated from the hindi by Gillian Wright |
||
| 260 |
_aNew Delhi _bPenguin Books _c1995 |
||
| 270 |
_a210, Chiranjivi Tower, Nehru place _bNew Delhi _e110001 |
||
| 300 |
_a354p. _c22cm(Hb) |
||
| 500 | _aIncludes glossary | ||
| 650 |
_aHindi literature _9102097 |
||
| 650 |
_aHindi novel _9102098 |
||
| 700 |
_aWright, Gillian _931522 |
||
| 942 |
_2ddc _cEN _hN _mRAH |
||
| 999 |
_c131341 _d131341 |
||